[Event "HUN-ch Rapid 2018"]
[Site "Ajka"]
[Date "2018.07.20"]
[Round "4"]
[White "Gledura, Benjamin"]
[Black "Teglas, Balazs"]
[Result "1-0"]
[WhiteElo "2574"]
[BlackElo "2201"]
[Annotator "TA"]
[PlyCount "65"]
[EventDate "2018.07.20"]
[EventType "swiss"]
[EventCountry "HUN"]
[SourceTitle "playchess.com"]
[Source "ChessBase"]
[SourceQuality "1"]

{[%evp 20,65,22,24,55,58,66,72,84,82,81,50,172,170,169,187,186,102,151,33,112,115,125,0,189,189,184,195,183,186,204,154,149,150,319,279,299,244,254,248,566,541,753,748,668,582,29989,29990]} 1. e4 c5 2. Nf3 e6 3. d4 cxd4 4. Nxd4 Nc6 5. Nc3 Qc7 6. Be3 a6 7. Qd2 Nf6 8. f4 {B48: Sicilian: Taimanov: 5 Nc3 Qc7 6 Be3 a6 without Be2} b5 {[%cal Bb7b5,Bb5b4][%mdl 32]} (8... Bb4 9. Bd3 Na5 10. a3 Bxc3 11. Qxc3 Qxc3+ 12. bxc3 d5 13. exd5 exd5 14. Nb3 Nc4 15. Bd4 Ne4 {1-0 (57) Carlsen,M (2834)-Matlakov,M (2718) Wijk aan Zee 2018}) 9. e5 b4 10. Ncb5 axb5 11. Nxb5 {LiveBook: 22 Games} Qa5 {...Nd5 is the strong threat.} 12. exf6 gxf6 13. Be2 $146 ({Predecessor:} 13. Nd6+ Bxd6 14. Qxd6 b3+ 15. Kf2 bxc2 {1-0 (45) Gonzalez Vidal,Y (2534)-Della Morte,P (2405) Merida 2013}) 13... Ba6 14. a4 Bxb5 15. Bxb5 (15. O-O-O $2 d5 $19) 15... Qc7 (15... Qxb5 $14 16. axb5 Rxa1+ 17. Kf2 Rxh1 18. bxc6 dxc6) 16. O-O $18 f5 17. c3 Rg8 18. Rf2 (18. Rfd1 $18) 18... Na7 {[#]} 19. Bxa7 (19. c4 $1 $16) 19... Qxa7 ({Black should try} 19... bxc3 $1 $14 20. Qxd7+ (20. Qxc3 Qxc3 21. bxc3 Rxa7 $11) (20. bxc3 Rxa7 21. Kh1 Bc5 $11) (20. Bb6 Rxg2+ 21. Kf1 cxd2 $17) 20... Qxd7 21. Bxd7+ Kxd7) 20. cxb4 $16 Rc8 21. Kh1 ({White should play} 21. Kf1 $16) 21... Qb7 $2 (21... Bxb4 $1 $11 {and Black is okay.} 22. Bxd7+ (22. Qxb4 Qxf2 23. Bxd7+ Kd8 $11) 22... Kd8 23. Qxb4 Qxf2) 22. Rd1 $18 Rc7 {[#]} 23. Rf3 $1 {[%cal Bf2f3,Bf3b3,Bb3d3][%mdl 32]} Kd8 24. Rb3 Bh6 {intending ...Bxf4.} 25. Rd3 {[%cal Rd3d7]} d5 26. Rh3 Rg6 $2 (26... Bf8 $16 27. Rxh7 Kc8) 27. Bf1 Qc8 28. b5 {[%cal Bb4b5,Bb5b6,Bb6b7][%mdl 32]} Rc2 29. Qb4 Bg7 $2 (29... Qc5 {is more resistant.} 30. Qxc5 Rxc5) 30. b6 Rxb2 31. Rb3 Rxb3 32. Qxb3 {Black must now prevent b7.} Qc6 33. b7 {Precision: White = 64%, Black = 22%.} 1-0

[Event "HUN-ch Rapid 2018"]
[Site "Ajka"]
[Date "2018.07.20"]
[Round "4"]
[White "Ruck, Robert"]
[Black "Egresi, Mate"]
[Result "1-0"]
[WhiteElo "2570"]
[BlackElo "2280"]
[Annotator "TA"]
[PlyCount "81"]
[EventDate "2018.07.20"]
[EventType "swiss"]
[EventCountry "HUN"]
[SourceTitle "playchess.com"]
[Source "ChessBase"]
[SourceQuality "1"]

{[%evp 28,81,30,0,95,78,82,93,129,119,121,111,140,148,253,251,233,188,289,149,487,477,459,443,630,410,402,366,557,351,347,325,339,330,337,320,449,364,362,358,487,488,487,485,521,543,700,648,735,725,710,710,845,760,29985,29986]} 1. Nf3 d5 2. d4 Nf6 3. c4 e6 4. Nc3 Be7 5. Bf4 O-O 6. e3 c5 7. dxc5 Bxc5 8. cxd5 Nxd5 9. Nxd5 exd5 10. a3 Nc6 11. Bd3 Bb6 12. O-O Bg4 13. h3 Bh5 14. b4 Re8 15. Ra2 {LiveBook: 11 Games. D37: Queen's Gambit Declined: 5 Bf4} (15. Rc1 a6 16. Bxa6 Rxa6 17. b5 Rxa3 18. bxc6 bxc6 19. Rxc6 Ra7 20. Qb3 Bxf3 21. Rxb6 Be2 22. Rb1 Bc4 23. Qc3 {½-½ (32) Ivanchuk,V (2779)-Carlsen,M (2776) Nice 2009}) 15... Qf6 (15... d4 $11 {keeps the balance.}) 16. g4 $16 {Black must now prevent b5.} Bg6 17. Bxg6 {White is better.} hxg6 18. Qxd5 Rad8 {[#]} 19. Qc4 $146 ({Predecessor:} 19. Qb3 Rd7 20. Kg2 Qd8 21. Rc1 Rd3 22. Rc3 Rd1 {1-0 (39) Narciso Dublan,M (2510)-Akesson,R (2481) Lisbon 2001}) 19... Nd4 20. Nxd4 Rxd4 (20... Bxd4 $16 21. Rc2 Be5) 21. exd4 $18 Qxf4 22. Re2 ({But not} 22. Qb5 $6 Re7) 22... Rd8 (22... Rxe2 {was necessary.} 23. Qxe2 Bc7 24. Qe8+ Kh7) 23. Rd1 (23. Kg2 $18) 23... Bxd4 $2 {[%mdl 8192] [#]} (23... Bc7 $16 {is tougher.} 24. f3 Bb6) 24. Kg2 Kh7 25. Rd3 f5 (25... b5 $142 26. Qc6 Rd6) 26. gxf5 gxf5 27. Rf3 Qh4 (27... Qg5+ $142 28. Rg3 Qf6) 28. Qe6 Qg5+ 29. Rg3 Qh5 30. Rd2 Re8 31. Qd5 Bf6 (31... Be5 $142 32. Re3 (32. Qxb7 Bxg3 33. fxg3 Re2+ 34. Rxe2 Qxe2+ 35. Kh1 Qd3 $11) 32... f4) 32. Qf3 Qxf3+ 33. Rxf3 {[%mdl 4096] Endgame KRR-KRB} ({Don't do} 33. Kxf3 Re7 $18) 33... Re5 34. Rd7 Rb5 35. Rfd3 Bb2 36. Rb3 Bf6 37. a4 {[%cal Ba3a4,Ba4b5][%mdl 32]} Rb6 38. b5 a5 39. Rbd3 Kg8 40. R3d6 Rxb5 41. axb5 {Precision: White = 62%, Black = 24%.} 1-0

[Event "HUN-ch Rapid 2018"]
[Site "Ajka"]
[Date "2018.07.20"]
[Round "4"]
[White "Medvegy, Zoltan"]
[Black "Almasi, Zoltan"]
[Result "0-1"]
[WhiteElo "2542"]
[BlackElo "2650"]
[Annotator "TA"]
[PlyCount "66"]
[EventDate "2018.07.20"]
[EventType "swiss"]
[EventCountry "HUN"]
[SourceTitle "playchess.com"]
[Source "ChessBase"]
[SourceQuality "1"]

{[%evp 22,66,8,13,54,51,55,8,68,43,40,8,4,9,41,9,12,23,31,9,15,7,10,4,16,6,11,-64,-66,-60,-75,-111,-100,-103,18,-97,-103,-104,-93,-98,-99,-309,-95,-318,-91,-577,-563]} 1. c4 c5 2. Nf3 Nc6 3. Nc3 Nf6 4. g3 g6 5. Bg2 Bg7 6. O-O O-O 7. d4 cxd4 8. Nxd4 Qa5 9. Nb3 Qh5 10. e4 {A39: Englische Eröffnung (Symmetrische Variante)} (10. c5 a5 11. e3 a4 12. Nd4 Qxc5 13. Nxa4 Qa5 14. b3 e5 15. Bd2 Qa6 16. Nc5 Qa7 17. Nxc6 dxc6 {0-1 (70) Fedoseev,V (2718)-Svidler,P (2765) St Petersburg 2017}) 10... d6 11. Qxh5 Nxh5 12. Be3 {LiveBook: 6 Partien. Die Stellung ist ausgeglichen.} Ne5 $146 {[%cal Bc6e5,Be5c4,Bc4b2,Bb2a4,Ba4c3][%mdl 32]} ({Vorgänger:} 12... Rb8 13. Rac1 b6 14. Nd2 Nf6 {½-½ (14) Pantsulaia,L (2591)-Fier,A (2583) Tbilisi 2017}) 13. Nd5 Nxc4 14. Nxe7+ Kh8 15. Bd4 Nxb2 16. Nxc8 Raxc8 17. Bxa7 Na4 18. Bd4 Bxd4 19. Nxd4 Nc3 20. a4 Rc5 21. Nb3 Rc4 22. Na5 Rb4 {zielt auf ...Ta8 ab.} 23. Ra3 Rc8 {[#]} 24. Rfa1 (24. e5 $1 $11 {[%mdl 512]} d5 (24... dxe5 25. Nxb7) 25. Bf3) 24... Nf6 $1 $15 ({Schwächer ist} 24... Nxe4 25. Bxe4 Rxe4 26. Nxb7 $16) 25. e5 dxe5 26. Nxb7 {Droht stark Sd6.} Nb1 $1 {[%cal Rb1a3]} 27. Nd6 Rc1+ 28. Bf1 {[#] Und a5 würde nun gewinnen.} Rd4 $1 {[%cal Rd4d6]} 29. Nxf7+ Kg7 30. Nxe5 {Schwarz muss nun Td3 beachten.} Rdd1 $36 {[%mdl 2048] Schwarz bestimmt, wo es lang geht.} 31. Rd3 $2 (31. Rb3 $17 {ist wohl besser.}) 31... Rxf1+ $19 32. Kg2 {[#]} Rg1+ $2 (32... g5 $1 $19 {und Schwarz behält klar die Oberhand.} 33. Rb3 g4 34. Rb7+ Kf8) 33. Kf3 $2 {[%mdl 8192] [#]} (33. Kh3 $17) 33... Nd2+ $1 {[%mdl 512] Precision: Weiß = 33%, Schwarz = 72%.} 0-1

[Event "HUN-ch Rapid 2018"]
[Site "Ajka"]
[Date "2018.07.20"]
[Round "4"]
[White "Vertetics, Attila"]
[Black "Balog, Imre"]
[Result "1/2-1/2"]
[WhiteElo "2506"]
[BlackElo "2613"]
[Annotator "TA"]
[PlyCount "102"]
[EventDate "2018.07.20"]
[EventType "swiss"]
[EventCountry "HUN"]
[SourceTitle "playchess.com"]
[Source "ChessBase"]
[SourceQuality "1"]

{[%evp 15,102,49,85,81,76,96,105,118,95,11,41,29,118,118,106,117,62,0,144,152,124,58,57,51,52,52,44,48,62,50,52,34,47,0,0,0,0,5,34,0,83,83,82,78,54,60,82,81,250,95,86,92,94,94,80,83,94,90,84,75,91,51,98,96,191,191,187,202,168,160,170,8,33,8,8,8,36,8,8,8,8,8,34,8,8,8,8,8,8]} 1. d4 Nf6 2. Bg5 Ne4 3. Bf4 d5 4. e3 c5 5. Bd3 Qb6 (5... Nf6 6. c3 Nc6 7. Nd2 Qb6 8. Rb1 Bg4 9. Ngf3 e6 10. Qa4 Be7 11. Ne5 O-O 12. Bg5 c4 13. Bc2 Bh5 14. Bxf6 gxf6 {1-0 (52) Mchedlishvili,M (2603)-Amin,B (2689) Riadh 2017}) 6. Bxe4 {A45: Trompowsky Attack} dxe4 7. Nc3 Qxb2 8. Nge2 Bg4 {LiveBook: 5 Games} 9. Nxe4 Bxe2 10. Kxe2 {aiming for Qd3.} cxd4 11. Qd3 $1 {Threatens to win with Rhb1.} ({But not} 11. Qxd4 Qxc2+ 12. Kf3 Nc6 $15) (11. exd4 Nc6 $11) 11... Qb6 12. Qxd4 $146 (12. Rhb1 $16 Qc6 13. exd4 (13. Qxd4 Qxc2+ 14. Kf3 Nc6 $15)) ({Predecessor:} 12. Rhb1 Qc6 13. exd4 {0-1 (40) Dishman,S (2321)-Matikozian,A (2469) Las Vegas 2007}) 12... Nd7 13. Rhd1 {[%csl Gd1][%cal Rd4d7,Bh1d1,Bd1d3,Bd3c3,Bc3c7][%mdl 32]} Qc6 {[#]} (13... Qxd4 $11 14. exd4 f5) 14. Rd3 $1 $16 {Hoping for Rad1.} f6 {Strongly threatening ...e5.} 15. Rad1 {[%cal Rd4d7]} Nb6 (15... Rd8 $16) 16. f3 (16. Rc3 $14 Qb5+ 17. Ke1) 16... Kf7 {[#]} (16... Qxc2+ $11 17. Kf1 Qc4) 17. Rc3 $1 {[%cal Rc3c6]} Qb5+ 18. Qd3 (18. Kf2 $16) 18... Qxd3+ $1 $14 19. Rdxd3 ({Much worse is} 19. Rcxd3 e5 $15) 19... e5 20. Rc7+ Ke6 21. Bg3 Be7 $1 22. Rxb7 Rhc8 23. Kd1 Na4 24. Rdd7 Rd8 25. Rxd8 Rxd8+ 26. Ke1 a5 27. c3 f5 (27... Rc8 $11) 28. Rxe7+ $1 $16 Kxe7 {[%mdl 4096] Endgame KRN-KBN} 29. Bh4+ Ke8 {And now ...Rd3 would win.} 30. Bxd8 Kxd8 $14 {KN-KN} 31. Nd6 g6 $2 (31... Nxc3 $16 32. Nxf5 Nxa2) 32. Nb7+ $2 (32. Kd2 $18 {is the precise move to win.}) 32... Kc7 $16 33. Nxa5 Nxc3 34. a3 Kd6 35. Nc4+ Kd5 36. Nb2 e4 37. h4 h6 38. a4 Kc5 39. Kd2 exf3 (39... Nd5 $16) 40. gxf3 $18 Nd5 41. Nd3+ Kb6 42. Nf4 Ne7 43. Kc3 $2 ({White should try} 43. Ng2 $18) 43... g5 $11 44. hxg5 (44. Ng2 {is interesting.} Ng6 45. h5 Nh4 46. Ne1 g4 47. fxg4 fxg4 48. Kd4) 44... hxg5 45. Nh5 Kc5 46. a5 Nd5+ 47. Kd3 Nb4+ 48. Kd2 Kb5 49. Kc3 (49. Ng7 $5 {[%cal Rg7f5]} f4 50. e4 $16) 49... Nc6 {The position is equal.} 50. f4 gxf4 $1 51. exf4 Ne7 {Precision: White = 46%, Black = 57%.} 1/2-1/2

[Event "HUN-ch Rapid 2018"]
[Site "Ajka"]
[Date "2018.07.20"]
[Round "4"]
[White "Horvath, Adam"]
[Black "Banusz, Tamas"]
[Result "1/2-1/2"]
[WhiteElo "2479"]
[BlackElo "2592"]
[Annotator "ChessBase"]
[PlyCount "217"]
[EventDate "2018.07.20"]
[EventType "swiss"]
[EventCountry "HUN"]
[SourceTitle "playchess.com"]
[Source "ChessBase"]
[SourceQuality "1"]
[TimeControl "1200+5"]

1. e4 {[%emt 0:00:02]} c5 {[%emt 0:00:14]} 2. Nf3 {[%emt 0:00:02]} Nc6 {[%emt 0:00:01]} 3. Bb5 {[%emt 0:00:20]} g6 {[%emt 0:00:02]} 4. O-O {[%emt 0:00:01]} Bg7 {[%emt 0:00:01]} 5. c3 {[%emt 0:00:26]} Nf6 {[%emt 0:00:05]} 6. Re1 {[%emt 0:00:03]} O-O {[%emt 0:00:04]} 7. h3 {[%emt 0:00:07]} Qb6 {[%emt 0:01:18]} 8. Bf1 {[%emt 0:00:02]} Rd8 {[%emt 0:00:24]} 9. Na3 {[%emt 0:00:54]} d5 {[%emt 0:00:24]} 10. e5 {[%emt 0:01:06]} Ne8 {[%emt 0:00:01]} 11. d3 {[%emt 0:01:58]} Nc7 {[%emt 0:02:57]} 12. Rb1 {[%emt 0:00:21]} Ne6 {[%emt 0:00:14]} 13. Nc2 {[%emt 0:00:24]} a5 {[%emt 0:00:39]} 14. g3 {[%emt 0:01:08]} d4 {[%emt 0:00:54]} 15. c4 {[%emt 0:00:01]} Qc7 {[%emt 0:00:00]} 16. Qe2 {[%emt 0:00:32]} Nb4 {[%emt 0:00:16]} 17. a3 {[%emt 0:02:07]} Nxc2 {[%emt 0:00:03]} 18. Qxc2 {[%emt 0:00:01]} a4 {[%emt 0:00:00]} 19. Bg2 {[%emt 0:00:30]} Bd7 {[%emt 0:00:25]} 20. Qe2 {[%emt 0:02:48]} Rab8 {[%emt 0:01:42]} 21. h4 {[%emt 0:00:43]} b5 {[%emt 0:00:23]} 22. cxb5 {[%emt 0:00:09]} Bxb5 {[%emt 0:00:13]} 23. Nd2 {[%emt 0:00:10]} Rbc8 {[%emt 0:01:06]} 24. b3 {[%emt 0:00:22]} axb3 {[%emt 0:00:07]} 25. Rxb3 {[%emt 0:00:02]} Qa5 {[%emt 0:00:12]} 26. Rb1 {[%emt 0:01:41]} Ba6 {[%emt 0:00:37]} 27. Bb7 {[%emt 0:03:02]} Rb8 {[%emt 0:01:56]} 28. Bxa6 {[%emt 0:00:21]} Qxa6 {[%emt 0:00:27]} 29. Rxb8 {[%emt 0:00:09]} Rxb8 {[%emt 0:00:01]} 30. Nc4 {[%emt 0:00:06]} Nc7 {[%emt 0:03:30]} 31. Bd2 {[%emt 0:02:21]} Nd5 {[%emt 0:00:06]} 32. Qf3 {[%emt 0:00:04]} Nc7 {[%emt 0:02:40]} 33. Rc1 {[%emt 0:00:10]} h5 {[%emt 0:00:23]} 34. Bg5 {[%emt 0:00:14]} Bf8 {[%emt 0:00:51]} 35. Qd1 {[%emt 0:00:10]} Nd5 {[%emt 0:00:05]} 36. Qf3 {[%emt 0:00:06]} e6 {[%emt 0:00:06]} 37. Kg2 {[%emt 0:00:10]} Rb3 {[%emt 0:00:02]} 38. Bd2 {[%emt 0:00:05]} Qa4 {[%emt 0:00:26]} 39. Qd1 {[%emt 0:00:06]} Qb5 {[%emt 0:00:03]} 40. Bg5 {[%emt 0:00:05]} Nc3 {[%emt 0:00:12]} 41. Qf3 {[%emt 0:00:01]} Nd5 {[%emt 0:00:03]} 42. Qd1 {[%emt 0:00:02]} Qb7 {[%emt 0:00:04]} 43. Kh2 {[%emt 0:00:05]} Nc3 {[%emt 0:00:02]} 44. Qh1 {[%emt 0:00:02]} Qa6 {[%emt 0:00:08]} 45. Qf3 {[%emt 0:00:03]} Na2 {[%emt 0:00:08]} 46. Rc2 {[%emt 0:00:13]} Nc3 {[%emt 0:00:06]} 47. Rc1 Nd5 {[%emt 0:00:05]} 48. Kg2 {[%emt 0:00:07]} Nc3 {[%emt 0:00:02]} 49. Re1 {[%emt 0:00:11]} Nb5 {[%emt 0:00:02]} 50. Nd2 {[%emt 0:00:07]} Rxa3 {[%emt 0:00:03]} 51. Ne4 {[%emt 0:00:01]} Qa8 {[%emt 0:00:08]} 52. Bc1 {[%emt 0:00:07]} Ra1 {[%emt 0:00:04]} 53. Bb2 {[%emt 0:00:06]} Ra2 {[%emt 0:00:01]} 54. Rb1 {[%emt 0:00:02]} Bg7 {[%emt 0:00:10]} 55. Bc1 {[%emt 0:00:02]} Nc3 {[%emt 0:00:03]} 56. Rb7 {[%emt 0:00:06]} Qxb7 {[%emt 0:00:14]} 57. Nf6+ {[%emt 0:00:01]} Bxf6 {[%emt 0:00:01]} 58. Qxb7 {[%emt 0:00:00]} Bxe5 {[%emt 0:00:01]} 59. Qc8+ {[%emt 0:00:09]} Kg7 {[%emt 0:00:02]} 60. Qxc5 {[%emt 0:00:01]} Nd5 {[%emt 0:00:04]} 61. Bg5 {[%emt 0:00:09]} Rb2 {[%emt 0:00:12]} 62. Qc1 {[%emt 0:00:03]} Rb3 {[%emt 0:00:03]} 63. Qe1 {[%emt 0:00:10]} Bf6 {[%emt 0:00:11]} 64. Qe4 {[%emt 0:00:04]} Rb4 {[%emt 0:00:02]} 65. Bxf6+ {[%emt 0:00:14]} Kxf6 {[%emt 0:00:02]} 66. g4 {[%emt 0:00:03]} hxg4 {[%emt 0:00:08]} 67. Qxg4 {[%emt 0:00:01]} Ke7 {[%emt 0:00:03]} 68. Qg5+ {[%emt 0:00:04]} Kd7 {[%emt 0:00:02]} 69. Qg4 {[%emt 0:00:10]} Kd6 {[%emt 0:00:09]} 70. Kg3 {[%emt 0:00:07]} e5 {[%emt 0:00:02]} 71. Qc8 {[%emt 0:00:05]} Rb3 {[%emt 0:00:04]} 72. Qd8+ {[%emt 0:00:04]} Ke6 {[%emt 0:00:02]} 73. Qc8+ {[%emt 0:00:01]} Kd6 {[%emt 0:00:13]} 74. f3 {[%emt 0:00:08]} Nf4 {[%emt 0:00:06]} 75. Qd8+ {[%emt 0:00:07]} Ke6 {[%emt 0:00:02]} 76. Qe8+ {[%emt 0:00:04]} Kf6 {[%emt 0:00:02]} 77. Qh8+ {[%emt 0:00:01]} Kf5 {[%emt 0:00:01]} 78. Qg8 {[%emt 0:00:01]} Nh5+ {[%emt 0:00:15]} 79. Kh3 {[%emt 0:00:03]} Nf4+ {[%emt 0:00:02]} 80. Kg3 {[%emt 0:00:00]} Kf6 {[%emt 0:00:04]} 81. Qh8+ {[%emt 0:00:02]} Ke6 {[%emt 0:00:03]} 82. Qe8+ {[%emt 0:00:06]} Kf6 {[%emt 0:00:02]} 83. Qh8+ {[%emt 0:00:02]} Kf5 {[%emt 0:00:08]} 84. Qc8+ {[%emt 0:00:07]} Ne6 {[%emt 0:00:08]} 85. Qg8 {[%emt 0:00:19]} f6 {[%emt 0:00:09]} 86. h5 {[%emt 0:00:04]} gxh5 {[%emt 0:00:07]} 87. Qh7+ {[%emt 0:00:05]} Kg5 {[%emt 0:00:01]} 88. Qf7 {[%emt 0:00:13]} Rb6 {[%emt 0:00:04]} 89. Qg8+ {[%emt 0:00:03]} Kh6 {[%emt 0:00:04]} 90. Kh4 {[%emt 0:00:05]} Nf4 {[%emt 0:00:04]} 91. Qh8+ {[%emt 0:00:04]} Kg6 {[%emt 0:00:00]} 92. Qg8+ {[%emt 0:00:01]} Kf5 {[%emt 0:00:10]} 93. Qc8+ {[%emt 0:00:01]} Ne6 {[%emt 0:00:06]} 94. Qa8 {[%emt 0:00:08]} Ng5 {[%emt 0:00:11]} 95. Qc8+ {[%emt 0:00:05]} Kf4 {[%emt 0:00:02]} 96. Kxh5 {[%emt 0:00:10]} Ke3 {[%emt 0:00:04]} 97. Qd8 {[%emt 0:00:08]} Re6 98. Kg4 {[%emt 0:00:05]} Kxd3 {[%emt 0:00:05]} 99. Qc8 {[%emt 0:00:01]} Ke3 {[%emt 0:00:05]} 100. Qc1+ {[%emt 0:00:01]} Kd3 {[%emt 0:00:09]} 101. Qd1+ {[%emt 0:00:03]} Kc3 {[%emt 0:00:03]} 102. Qc1+ {[%emt 0:00:02]} Kb4 {[%emt 0:00:01]} 103. Qb2+ {[%emt 0:00:01]} Kc5 {[%emt 0:00:01]} 104. Qa3+ {[%emt 0:00:01]} Kd5 {[%emt 0:00:03]} 105. Qb3+ {[%emt 0:00:01]} Kd6 {[%emt 0:00:01]} 106. Qb6+ {[%emt 0:00:02]} Kd5 {[%emt 0:00:18]} 107. Qb5+ {[%emt 0:00:02]} Kd6 {[%emt 0:00:02]} 108. Qb6+ {[%emt 0:00:01]} Kd5 {[%emt 0:00:12]} 109. Qb5+ {[%emt 0:00:01]} 1/2-1/2

[Event "HUN-ch Rapid 2018"]
[Site "Ajka"]
[Date "2018.07.20"]
[Round "4"]
[White "Horvath, Peter"]
[Black "Margl, Roland"]
[Result "1-0"]
[WhiteElo "2438"]
[BlackElo "2047"]
[Annotator "RC"]
[PlyCount "97"]
[EventDate "2018.07.20"]
[EventType "swiss"]
[EventCountry "HUN"]
[SourceTitle "playchess.com"]
[Source "ChessBase"]
[SourceQuality "1"]
[TimeControl "1200+5"]

1. d4 {[%emt 0:00:02]} d5 {[%emt 0:00:01]} 2. Nf3 {[%emt 0:00:03]} Nf6 {[%emt 0:00:01]} 3. Bf4 {[%emt 0:00:04]} e6 {[%emt 0:00:11]} 4. e3 {[%emt 0:00:09]} Bd6 {[%emt 0:00:02]} 5. Ne5 {[%emt 0:00:08]} O-O {[%emt 0:00:13]} 6. Nd2 {[%emt 0:00:12]} c5 {[%emt 0:00:08]} 7. c3 {[%emt 0:00:05]} Qc7 {[%emt 0:00:13]} 8. Bd3 {[%emt 0:00:56]} Nbd7 {[%emt 0:01:15]} 9. Ndf3 {[%emt 0:00:12]} b6 {[%emt 0:00:12]} 10. O-O {[%emt 0:00:54]} Bb7 {[%emt 0:00:05]} 11. Rc1 {[%emt 0:00:49]} Rfd8 {[%emt 0:00:51]} 12. Re1 {[%emt 0:00:27]} Rac8 {[%emt 0:01:34]} 13. Bb1 {[%emt 0:00:11]} Ne4 {[%emt 0:01:23]} 14. Nxd7 {[%emt 0:03:04]} Rxd7 {[%emt 0:01:35]} 15. Ne5 {[%emt 0:01:11]} Rdd8 {[%emt 0:00:27]} 16. Bxe4 {[%emt 0:01:39]} dxe4 {[%emt 0:00:03]} 17. Bg3 {[%emt 0:00:57]} cxd4 {[%emt 0:04:30]} 18. exd4 {[%emt 0:01:51]} f6 {[%emt 0:00:31]} 19. Ng4 {[%emt 0:00:02]} Bxg3 {[%emt 0:00:01]} 20. hxg3 {[%emt 0:00:08]} e5 {[%emt 0:01:08]} 21. Qb3+ {[%emt 0:03:30]} Bd5 {[%emt 0:02:59]} 22. Qa3 {[%emt 0:00:02]} exd4 {[%emt 0:01:49]} 23. cxd4 {[%emt 0:00:03]} Qd7 {[%emt 0:00:01]} 24. Ne3 {[%emt 0:00:21]} a5 {[%emt 0:00:02]} 25. Rc3 {[%emt 0:01:04]} Rxc3 {[%emt 0:01:24]} 26. bxc3 {[%emt 0:00:03]} Bf7 {[%emt 0:00:03]} 27. c4 {[%emt 0:00:33]} Rc8 {[%emt 0:00:35]} 28. d5 {[%emt 0:00:17]} Qc7 {[%emt 0:00:40]} 29. Qb2 {[%emt 0:00:42]} Qc5 {[%emt 0:00:13]} 30. Qb1 {[%emt 0:00:15]} Qd4 {[%emt 0:00:14]} 31. Nf5 {[%emt 0:00:21]} Qe5 {[%emt 0:00:03]} 32. Qxe4 {[%emt 0:00:06]} Kf8 {[%emt 0:00:06]} 33. Qxe5 {[%emt 0:00:14]} fxe5 {[%emt 0:00:02]} 34. Nd6 {[%emt 0:00:06]} Rd8 {[%emt 0:00:04]} 35. Nxf7 {[%emt 0:00:22]} Kxf7 {[%emt 0:00:00]} 36. Rxe5 {[%emt 0:00:02]} Rc8 {[%emt 0:00:06]} 37. Re4 {[%emt 0:00:02]} Rc5 {[%emt 0:00:01]} 38. a4 {[%emt 0:00:04]} Rc7 {[%emt 0:00:02]} 39. f3 {[%emt 0:00:12]} h5 {[%emt 0:00:01]} 40. Kf2 {[%emt 0:00:06]} Kf6 {[%emt 0:00:06]} 41. Ke3 {[%emt 0:00:07]} Kf5 {[%emt 0:00:01]} 42. g4+ {[%emt 0:00:12]} hxg4 {[%emt 0:00:01]} 43. Rxg4 {[%emt 0:00:02]} g5 {[%emt 0:00:06]} 44. Re4 {[%emt 0:00:08]} Rh7 {[%emt 0:00:02]} 45. g4+ {[%emt 0:00:02]} Kf6 {[%emt 0:00:03]} 46. Re6+ {[%emt 0:00:02]} Kf7 {[%emt 0:00:00]} 47. Rxb6 {[%emt 0:00:01]} Rh1 {[%emt 0:00:01]} 48. Ke4 {[%emt 0:00:07]} Rf1 {[%emt 0:00:03]} 49. c5 {[%emt 0:00:05]} 1-0

[Event "HUN-ch Rapid 2018"]
[Site "Ajka"]
[Date "2018.07.20"]
[Round "4"]
[White "Mihok, Oliver"]
[Black "Papp, Gabor"]
[Result "1/2-1/2"]
[WhiteElo "2426"]
[BlackElo "2574"]
[Annotator "TA"]
[PlyCount "96"]
[EventDate "2018.07.20"]
[EventType "swiss"]
[EventCountry "HUN"]
[SourceTitle "playchess.com"]
[Source "ChessBase"]
[SourceQuality "1"]

{[%evp 13,96,4,-6,-20,-10,-22,-15,-19,-4,-28,6,-20,0,-10,0,0,14,15,13,0,12,20,31,0,7,-51,-51,-85,-30,-73,-68,-72,-74,-60,-10,-60,-56,-116,-100,-83,-90,-90,-85,-95,0,0,8,-5,0,-6,0,0,0,0,0,0,0,0,0,0,0,0,0,0,0,0,0,0,0,0,0,0,0,0,0,0,0,0,0,0,0,0,0,0,0]} 1. e4 c5 2. Nf3 Nc6 3. Bb5 g6 4. Bxc6 bxc6 5. O-O Bg7 6. c3 Nf6 7. Re1 O-O {LiveBook: 73 Partien} 8. e5 {B31: Sizilianisch (Rossolimo-Variante)} (8. h3 Rb8 9. d4 cxd4 10. cxd4 d6 11. Nc3 Nd7 12. b3 a5 13. Be3 Ba6 14. Qd2 c5 15. Rac1 c4 16. bxc4 Bxc4 {½-½ (61) Harikrishna,P (2753)-Li,C (2751) Huaian 2016}) 8... Nd5 9. d3 d6 10. Na3 $146 {[%cal Bb1a3,Ba3c4,Bc4a5,Ba5c6][%mdl 32]} ({Vorgänger:} 10. Qa4 Qb6 11. Nbd2 Qb5 12. Qxb5 cxb5 13. exd6 exd6 14. Ne4 Rd8 15. Nxd6 Nxc3 16. bxc3 Bxc3 {1-0 (37) Chtcherbine,A (2171)-Daneri,M (2149) Buenos Aires 2009}) 10... Bg4 11. Nc4 Nb6 12. Na5 dxe5 (12... Qc7 {looks sharper.} 13. h3 Bxf3 14. Qxf3 Nd5 15. Nc4 Bxe5 16. Nxe5 dxe5 17. Qe2 f6) 13. h3 Bxf3 14. Qxf3 Qd5 15. Nxc6 Qxf3 16. gxf3 Rfe8 17. Nxe5 Rad8 18. Nc6 Rxd3 19. Be3 (19. Nxa7 $11 Nc4 20. Kg2) 19... Na4 $15 20. Rab1 Bf6 ({Lieber} 20... Rd7 $17 21. Rec1 Rb7) 21. Nxa7 Rb8 22. Kg2 Rd7 23. Nc6 Rxb2 24. Bh6 {[#] Te4 ist eine echte Drohung.} Rc7 ({Nicht} 24... Bxc3 $2 25. Nxe7+ Rxe7 26. Rxe7 $18) 25. Ne5 ({Besser ist} 25. Red1 $15 e6 26. Rxb2 Nxb2 27. Ne7+ Bxe7 28. Rb1) 25... Bxe5 (25... Rxb1 {is interesting.} 26. Rxb1 Rc8 27. Nc4 Nxc3 28. Rb7 Nxa2 29. Nb6 Rd8) 26. Rxb2 Nxb2 27. Rxe5 $17 {[%mdl 4096] Endspiel KTL-KTS} f6 28. Rd5 g5 (28... Na4 $17 29. Be3 Kf7) 29. f4 $11 {Die Stellung ist ausgeglichen.} Na4 30. c4 Nb6 31. Rd8+ Kf7 {Und weiter mit ...Kg6 wäre nett.} 32. fxg5 Nxc4 33. gxf6 exf6 34. Bf4 Rc6 35. a4 Ra6 36. Rd5 Rxa4 37. Rxc5 Nb2 38. Rc7+ Kg6 39. Be3 Nd3 40. Ra7 Rc4 41. Ra6 h5 {[%cal Bh7h5,Bh5h4][%mdl 32]} 42. Kg3 h4+ 43. Kg2 Ne1+ 44. Kf1 Nf3 45. Kg2 Ne5 46. Rd6 Ra4 47. Bd4 Ra5 48. Bxe5 Rxe5 {Precision: Weiß = 53%, Schwarz = 61%.} 1/2-1/2